<?xml version="1.0" encoding="UTF-8"?>
<record
    xmlns:xsi="http://www.w3.org/2001/XMLSchema-instance"
    xsi:schemaLocation="http://www.loc.gov/MARC21/slim http://www.loc.gov/standards/marcxml/schema/MARC21slim.xsd"
    xmlns="http://www.loc.gov/MARC21/slim">

  <leader>01139    a2200181   4500</leader>
  <controlfield tag="003">Nust</controlfield>
  <controlfield tag="005">20221223192142.0</controlfield>
  <datafield tag="040" ind1=" " ind2=" ">
    <subfield code="c">Nust</subfield>
  </datafield>
  <datafield tag="082" ind1=" " ind2=" ">
    <subfield code="a">621.384135,SCH</subfield>
  </datafield>
  <datafield tag="100" ind1=" " ind2=" ">
    <subfield code="a">Schelkunoff, Sergei Alexander</subfield>
    <subfield code="9">105787</subfield>
  </datafield>
  <datafield tag="245" ind1=" " ind2=" ">
    <subfield code="a">Antennas theory and practice /</subfield>
    <subfield code="c">Sergei Alexander Schelkunoff,</subfield>
  </datafield>
  <datafield tag="260" ind1=" " ind2=" ">
    <subfield code="a">Wiley,</subfield>
    <subfield code="b">New York</subfield>
    <subfield code="c">1952</subfield>
  </datafield>
  <datafield tag="300" ind1=" " ind2=" ">
    <subfield code="a">xxii, 639 p</subfield>
    <subfield code="b">illus</subfield>
    <subfield code="c">24cm</subfield>
  </datafield>
  <datafield tag="505" ind1=" " ind2=" ">
    <subfield code="a">Physical Principles of Radiation (Page-1), Maxwell&#x2019;s Equations (Page-61), Planes Waves (Page-81), Spherical Waves (Page-97), Directive Radiation (Page-139), Directivity and Effective Area (Page-179), Waves Over Ground (Page-201), Antenna Current (Page-213), Impedance, Reciprocity, Equivalence (Page-271), Small Antennas (Page-302), Self-Resonant Antennas (Page-332), General Theory of Linear Antenna (Page-361), Impedance of Dipole Antennas (Page-403), Rhombic Antennas (Page-457), Linear Antenna Systems (Page-474), Horns (Page-515), Slot Antennas (Page-537), Reflectors (Page-560), Lenses (Page-573).     </subfield>
  </datafield>
  <datafield tag="600" ind1=" " ind2=" ">
    <subfield code="a">Schelkunoff, S. A. (Sergei Alexander), 1897-</subfield>
    <subfield code="9">20203</subfield>
  </datafield>
  <datafield tag="650" ind1=" " ind2=" ">
    <subfield code="a">Antennas theory and practice</subfield>
    <subfield code="9">105788</subfield>
  </datafield>
  <datafield tag="942" ind1=" " ind2=" ">
    <subfield code="2">ddc</subfield>
    <subfield code="c">BK</subfield>
  </datafield>
  <datafield tag="999" ind1=" " ind2=" ">
    <subfield code="c">183437</subfield>
    <subfield code="d">183437</subfield>
  </datafield>
  <datafield tag="952" ind1=" " ind2=" ">
    <subfield code="0">0</subfield>
    <subfield code="1">0</subfield>
    <subfield code="2">ddc</subfield>
    <subfield code="4">0</subfield>
    <subfield code="7">0</subfield>
    <subfield code="a">MCS</subfield>
    <subfield code="b">MCS</subfield>
    <subfield code="c">GEN</subfield>
    <subfield code="d">2016-12-12</subfield>
    <subfield code="o">621.384135,SCH</subfield>
    <subfield code="p">MCS7622</subfield>
    <subfield code="r">2016-12-08</subfield>
    <subfield code="w">2016-12-12</subfield>
    <subfield code="y">BK</subfield>
    <subfield code="z">Almirah No.38, Shelf No.5</subfield>
  </datafield>
</record>
